Крестьянское движение в России в 1881-1889 гг.: Сборник документов

Xehetasun bibliografikoak
Beste egile batzuk: Нифонтов А. С. (редактор)
Hizkuntza:errusiera
Argitaratua: Москва, Соцэкгиз, 1960
Gaiak:
Formatua: Liburua
KOHA link:https://koha.lib.tpu.ru/cgi-bin/koha/opac-detail.pl?biblionumber=16043

MARC

LEADER 00000nam0a2200000 4500
001 16043
005 20260202155943.0
035 |a (RuTPU)RU\TPU\book\16163 
035 |a BOOK00000851 
090 |a 16043 
100 |a 20011209d1960 km y0rusy50 ca 
101 0 |a rus 
102 |a RU 
105 |a y z 000zy 
200 1 |a Крестьянское движение в России в 1881-1889 гг.  |e Сборник документов  |f Под ред. А. С. Нифонтова 
210 |a Москва  |c Соцэкгиз  |d 1960 
215 |a 964 с. 
606 |a Крестьянское движение в России  |x История  |z 1855-1885  |9 81955 
610 1 |a Россия 
610 1 |a 19 век 
610 1 |a крестьянство 
686 |a Т3(2)522  |2 rubbk 
702 1 |a Нифонтов  |b А. С.  |4 340 
801 0 |a RU  |b 63413507  |c 20011209  |g PSBO 
801 2 |a RU  |b 63413507  |c 20121127  |g PSBO 
942 |c BK